Vascularized versus non-vascularized bone graft for ununited fractures of the scaphoid with AVN / (رقم التسجيلة. 179216)
[ عرض عادي ]
| 000 -LEADER | |
|---|---|
| fixed length control field | 03460namaa22004451i 4500 |
| 003 - CONTROL NUMBER IDENTIFIER | |
| control field | EG-GICUC |
| 005 - أخر تعامل مع التسجيلة | |
| control field | 20260416121345.0 |
| 008 - FIXED-LENGTH DATA ELEMENTS--GENERAL INFORMATION | |
| fixed length control field | 260405s2025 ua a|||frm||| 000 0 eng d |
| 040 ## - CATALOGING SOURCE | |
| Original cataloguing agency | EG-GICUC |
| Language of cataloging | eng |
| Transcribing agency | EG-GICUC |
| Modifying agency | EG-GICUC |
| Description conventions | rda |
| 041 0# - LANGUAGE CODE | |
| Language code of text/sound track or separate title | eng |
| Language code of summary or abstract | eng |
| -- | ara |
| 049 ## - Acquisition Source | |
| Acquisition Source | Deposit |
| 082 04 - DEWEY DECIMAL CLASSIFICATION NUMBER | |
| Classification number | 617.47 |
| 092 ## - LOCALLY ASSIGNED DEWEY CALL NUMBER (OCLC) | |
| Classification number | 617.47 |
| Edition number | 21 |
| 097 ## - Degree | |
| Degree | Ph.D |
| 099 ## - LOCAL FREE-TEXT CALL NUMBER (OCLC) | |
| Local Call Number | Cai01.11.25.Ph.D.2025.Mo.V |
| 100 0# - MAIN ENTRY--PERSONAL NAME | |
| Authority record control number or standard number | Mohamed AbdelNasser Mekaied, |
| Preparation | preparation. |
| 245 10 - TITLE STATEMENT | |
| Title | Vascularized versus non-vascularized bone graft for ununited fractures of the scaphoid with AVN / |
| Statement of responsibility, etc. | by Mohamed AbdelNasser Mekaied ; Supervision Prof. Dr. Ashraf Nihad Moharram, Prof. Dr. Mostafa Mahmoud Hasanain, Dr. Ahmed Ali Afifi. |
| 246 15 - VARYING FORM OF TITLE | |
| Title proper/short title | دراسة مقارنة بين الرقعة العظمية المدممة و غير المدممة لعلاج كسور العظمة الزورقية الغير ملتئمة المصحوبة بتنركز لا دموي |
| 264 #0 - PRODUCTION, PUBLICATION, DISTRIBUTION, MANUFACTURE, AND COPYRIGHT NOTICE | |
| Date of production, publication, distribution, manufacture, or copyright notice | 2025. |
| 300 ## - PHYSICAL DESCRIPTION | |
| Extent | 133 pages : |
| Other physical details | illustrations ; |
| Dimensions | 25 cm. + |
| Accompanying material | CD. |
| 336 ## - CONTENT TYPE | |
| Content type term | text |
| Source | rda content |
| 337 ## - MEDIA TYPE | |
| Media type term | Unmediated |
| Source | rdamedia |
| 338 ## - CARRIER TYPE | |
| Carrier type term | volume |
| Source | rdacarrier |
| 502 ## - DISSERTATION NOTE | |
| Dissertation note | Thesis (Ph.D)-Cairo University, 2025. |
| 504 ## - BIBLIOGRAPHY, ETC. NOTE | |
| Bibliography, etc. note | Bibliography: pages 120 -133. |
| 520 #3 - SUMMARY, ETC. | |
| Summary, etc. | Fractures of the scaphoid are well known to be problematic especially <br/>when complicated by avascular necrosis non-union and it’s management <br/>represents a challenging problem. This study compares between the vascularized <br/>and non-vascularized bone graft according to the bone union rate and the <br/>functional outcome. The vascularized graft group demonstrated higher rate of <br/>bone union and better functional outcome. |
| 520 #3 - SUMMARY, ETC. | |
| Summary, etc. | تعتبر كسور العظمة الزورقية من التحديات التي تواجه جراحة العظام و يرجع ذلك الي طبيعة العظمة الزورقية في كونها مغطاه بالغضاريف في مجمل اجزائها و يمسك بها اربطة محور الرسغ اضافة الي ان الامداد الدموي لها ذو طبيعة خاصة، مما يجعلها عرضة اكثر للمضاعفات في حالة الكسر مثل عدم الالتئام او الضمور النكروزي او تشوه الكسر، و قد تم وصف العديد من تقنيات ترقيع العظام المختلفة، بما في ذلك مواقع مختلفة لأخذ الرقعة العظمية وطرق تثبيت متنوعة، مثل استخدام رقعة عظمية مدممة اورقعة عظمية غير مدممة و تثبيت بواسطة مسامير هيربرت و اسلاك معدنية. |
| 530 ## - ADDITIONAL PHYSICAL FORM AVAILABLE NOTE | |
| Issues CD | Issues also as CD. |
| 546 ## - LANGUAGE NOTE | |
| Text Language | Text in English and abstract in Arabic & English. |
| 650 #0 - SUBJECT ADDED ENTRY--TOPICAL TERM | |
| Topical term or geographic name entry element | Orthopaedic Surgery |
| 650 #0 - SUBJECT ADDED ENTRY--TOPICAL TERM | |
| Topical term or geographic name entry element | جراحة العظام |
| 653 #1 - INDEX TERM--UNCONTROLLED | |
| Uncontrolled term | scaphoid AVN |
| -- | vascularized bone graft |
| -- | non vascularized bone graft |
| -- | كسر العظمة الزورقية مصحوب ببتأكل نيكروزي لا دموي |
| -- | رقعة عظمية مدممة |
| 700 0# - ADDED ENTRY--PERSONAL NAME | |
| Personal name | Ashraf Nihad Moharram |
| Relator term | thesis advisor. |
| 700 0# - ADDED ENTRY--PERSONAL NAME | |
| Personal name | Mostafa Mahmoud Hasanain |
| Relator term | thesis advisor. |
| 700 0# - ADDED ENTRY--PERSONAL NAME | |
| Personal name | Ahmed Ali Afifi |
| Relator term | thesis advisor. |
| 900 ## - Thesis Information | |
| Grant date | 01-01-2025 |
| Supervisory body | Ashraf Nihad Moharram |
| -- | Mostafa Mahmoud Hasanain |
| -- | Ahmed Ali Afifi |
| Universities | Cairo University |
| Faculties | Faculty of Medicine |
| Department | Department of Orthopaedic Surgery |
| 905 ## - Cataloger and Reviser Names | |
| Cataloger Name | Shimaa |
| Reviser Names | Eman Ghareb |
| 942 ## - ADDED ENTRY ELEMENTS (KOHA) | |
| Source of classification or shelving scheme | Dewey Decimal Classification |
| Koha item type | Thesis |
| Edition | 21 |
| Suppress in OPAC | No |
| Source of classification or shelving scheme | Home library | Current library | Date acquired | Inventory number | Full call number | Barcode | Date last seen | Effective from | Koha item type |
|---|---|---|---|---|---|---|---|---|---|
| Dewey Decimal Classification | المكتبة المركزبة الجديدة - جامعة القاهرة | قاعة الرسائل الجامعية - الدور الاول | 05.04.2026 | 93664 | Cai01.11.25.Ph.D.2025.Mo.V | 01010110093664000 | 05.04.2026 | 05.04.2026 | Thesis |